| 000 | 00789nam a22002777a 4500 | ||
|---|---|---|---|
| 003 | OSt | ||
| 005 | 20140310181916.0 | ||
| 008 | 130716t xxu||||| |||| 00| 0 eng d | ||
| 020 | _a0883098822 | ||
| 020 | _a0883098911 | ||
| 050 |
_aLT 2104 _b.H123 1991 |
||
| 082 |
_aTR 372.634 _bZ1c 1991 |
||
| 100 |
_aHackney, Clinton S. _9629 |
||
| 245 |
_aZaner-Bloser handwriting : _ba way to self-expression. Grade 7 / _cHackney, Clinton S. |
||
| 260 |
_aColumbus, Ohio : _bZaner-Bloser, _cc1991. |
||
| 300 |
_a64 p. : _bcol. ill. ; _c27 cm. |
||
| 521 | _aFaculty | ||
| 541 | _j1 | ||
| 541 | _j2 | ||
| 541 | _j3 | ||
| 541 | _j4 | ||
| 541 | _j5 | ||
| 562 | _e5 | ||
| 650 |
_aHandwriting _vProblems, exercises, etc. _9976 |
||
| 942 |
_2lcc _cBK-TR _kTR |
||
| 999 |
_c6768 _d6768 |
||